[Event "Reykjavik Kvika op"]
[Site "Reykjavik"]
[Date "2022.04.10"]
[Round "6"]
[White "Lewis, Stephen"]
[Black "Saemundarson, Saethor Ingi"]
[Result "1/2-1/2"]
[WhiteElo "1929"]
[BlackElo "1212"]
[PlyCount "50"]
[EventDate "2022.04.06"]
[EventType "swiss"]
[EventRounds "9"]
[EventCountry "ISL"]
[SourceTitle "CBM 207 Extra"]
[Source "ChessBase"]
[SourceDate "2022.05.31"]
[SourceVersion "1"]
[SourceVersionDate "2022.05.31"]
[SourceQuality "1"]

1. e4 e5 2. d4 exd4 3. Qxd4 Nc6 4. Qe3 Bb4+ 5. Nc3 d6 6. Bc4 Nf6 7. Bd2 Bc5 8. Qg5 Qe7 9. f4 h6 10. Qh4 Bf5 11. 0-0-0 Nxe4 12. Qxe7+ Nxe7 13. Nxe4 Bxe4 14. Nf3 Bxf3 15. gxf3 0-0 16. b4 Bd4 17. c3 d5 18. Bxd5 Nxd5 19. cxd4 Rfe8 20. Rhe1 Rad8 21. Kc2 Kh7 22. Kd3 Kg6 23. Rg1+ Kf6 24. Rde1 Rxe1 25. Rxe1 Rd6 1/2-1/2

[Event "Reykjavik Kvika op"]
[Site "Reykjavik"]
[Date "2022.04.08"]
[Round "4"]
[White "Shuey, Michael"]
[Black "Saemundarson, Saethor Ingi"]
[Result "1/2-1/2"]
[WhiteElo "1838"]
[BlackElo "1212"]
[PlyCount "40"]
[EventDate "2022.04.06"]
[EventType "swiss"]
[EventRounds "9"]
[EventCountry "ISL"]
[SourceTitle "CBM 207 Extra"]
[Source "ChessBase"]
[SourceDate "2022.05.31"]
[SourceVersion "1"]
[SourceVersionDate "2022.05.31"]
[SourceQuality "1"]

1. Nf3 d5 2. c4 e6 3. b3 c5 4. e3 Nf6 5. Be2 g6 6. Bb2 Bg7 7. 0-0 0-0 8. d3 Nc6 9. a3 a5 10. Qc2 Qc7 11. Nc3 b6 12. Nb5 Qb8 13. Bc3 Na7 14. Be5 Qb7 15. Nc7 Rb8 16. cxd5 exd5 17. Na6 Ra8 18. Nc7 Rb8 19. Na6 Ra8 20. Nc7 Rb8 1/2-1/2

[Event "EU-ch 21st"]
[Site "Reykjavik"]
[Date "2021.08.26"]
[Round "1"]
[White "Gretarsson, Helgi Ass"]
[Black "Saemundarson, Saethor Ingi"]
[Result "1-0"]
[WhiteElo "2447"]
[BlackElo "1216"]
[PlyCount "26"]
[EventDate "2021.08.26"]
[EventType "swiss"]
[EventRounds "11"]
[EventCountry "ISL"]
[SourceTitle "CBM 204"]
[Source "ChessBase"]
[SourceDate "2021.10.31"]
[SourceVersion "1"]
[SourceVersionDate "2021.10.31"]
[SourceQuality "1"]

1. d4 d5 2. c4 e6 3. Nc3 Bb4 4. e3 Nc6 5. Nf3 Nf6 6. Qc2 b6 7. a3 Bxc3+ 8. Qxc3 Ba6 9. cxd5 Bxf1 10. Qxc6+ Nd7 11. Kxf1 exd5 12. Ne5 f6 13. Nxd7 Qxd7 1-0